=LDR 00000nam 2200000 4500 =001 INLIS000000000041752 =005 20200611072916 =035 ##$$a 0010-061300000041752 =008 200611################g##########0#ind## =041 ##$$a ind =082 ##$$a 2x4 =100 1#$$a Nadjib, Emha Ainun =245 1#$$a Tuhanpun berpuasa /$c Emha Ainun Nadjib =260 ##$$a Yogyakarta :$b Zaituna,$c 1997 =300 ##$$a xii, 280 hlm ; $c 11 x 18 cm =850 ##$$a NBPNMAT =020 ##$$a 979-9010-01-2 =084 ##$$a 2x4 NAD t =250 ##$$a cet.1 =650 #4$$a Tuhan =990 ##$$a 00087056 =990 ##$$a 1199800224